| 000 | 00622nam a2200217 a 4500 | ||
|---|---|---|---|
| 001 | BRL_273 | ||
| 005 | 20190320210651.0 | ||
| 008 | 170713s1935----gw-o######---#000-0#ger-# | ||
| 041 | _ager | ||
| 044 | _agw | ||
| 050 | 4 |
_aNK8862 _b.K573 1935 |
|
| 100 | 1 |
_aKircher, Mia _923429 |
|
| 245 | 1 | 0 |
_aEinfchäftige Leinenbindungen _bErgänzungsheft zu : Bom Handweben auf einfache apparaten _cMia und Walter Kircher. |
| 260 |
_aLeipzig B.G. _bTeubner _c1935 |
||
| 300 |
_a24 láminas 16 p. _bil. _c21 cm. |
||
| 500 | _aAu2334 | ||
| 650 | 1 | 4 |
_aTejeduria _923430 |
| 650 | 1 | 4 |
_aTejido a mano _923431 |
| 902 | _aGRL | ||
| 942 |
_2lcc _cB |
||
| 999 |
_c9086 _d9086 |
||